| 000 | 01581nam0a22002891 4500 | ||
|---|---|---|---|
| 001 | v19\rc\1893671 | ||
| 005 | 20260406100409.0 | ||
| 035 | _a(NLR Aleph) 005261096 | ||
| 090 |
_a5902590 _c5902590 |
||
| 100 | _a20080221d1911 |||y0rusy50 ca | ||
| 101 | 1 |
_arus _cfre |
|
| 102 | _aRU | ||
| 105 | _ay z ||||| | ||
| 200 | 1 | _aВеликосветские интриги | |
| 210 |
_aСанкт-Петербург _cтип. "Луч" _d[1911] |
||
| 215 |
_a176 с. _d18 |
||
| 309 | _a2-е произведение имеет отд. тит. л. | ||
| 423 | 0 |
_11011#$arus$ceng _12001#$a[Последние приключения Шерлока Холмса знаменитого английского сыщика$fПер. и предисл. Л. Черского ] _15401#$aПоследние приключения Шерлока Холмса знаменитого английского сыщика _1700#1$3RU\NLR\AUTH\773259$7ca$aДойл$bА. К.$f1859-1930$gАртур Конан _t[Последние приключения Шерлока Холмса знаменитого английского сыщика _aДойл, Артур Конан (1859-1930) |
|
| 700 | 0 |
_8rus _7ca _aВилли _f1859-1931 _3RU\NLR\AUTH\7776202 _959130 |
|
| 702 | 1 |
_4730 _4080 _8rus _7ca _aЧерский _bЛ. Ф. _gЛеонид Федорович _3RU\NLR\AUTH\7776304 _959232 |
|
| 801 | 2 |
_aRU _bNLR _c20090422 _2rusmarc |
|
| 801 | 0 |
_aRU _bNLR _c20080221 _gpsbo |
|
| 801 | 0 |
_aRU _bRuMoRGB _c20080221 _2psbo |
|
| 801 | 1 |
_aRU _bProSoft-M _c20080221 _2rusmarc |
|
| 852 |
_aNLR _j37.28.8.50 |
||
| 942 | _cBOOK | ||
| 980 | _aNB | ||